zpět

Detail výsledku týmu

Pivovar Born, Nový Bor

Datum a čas kvízu

34.5 Celkem bodů Celkový počet nahraných bodů na tomto kvízu bez doplňovacích otázek.
2. Pořadí na kvízu Konečné umístění týmu na tomto kvízu.

Zaznamenané odpovědi

# Otázka Odpověď Body Výsledky
1. Z jablonecké věznice Rýnovice... Jaroslav Barták 0
2. Ve které zemi minulý týden pro... v Íránu 0
3. V jednom z pražských divadel m... Lucie Bílá 1
4. V pondělí rozhodl soud, že jed... Goodyear 1
5. Jedna bývalá česká sportovkyně... Gabriela Soukalová 1
6. Vítězné téma facebookového hla... C. Attlee, H. Truman, Stalin 0
7. Vyberte název první umělé vesm... C 0
8. Jak se jmenoval tento muž a kt... Josip Tito, Jugoslávie 1
9. V roce 1988 došlo nad skotským... Muammar Kaddáfí 0
10. Seřaďte níže vypsané události... 1D 2A 3C 4B 0